<?xml version="1.0" encoding="UTF-8"?><record xmlns="http://www.loc.gov/MARC21/slim" xmlns:zs="http://docs.oasis-open.org/ns/search-ws/sruResponse">
  <leader>02345cam a22004213u 4500</leader>
  <controlfield tag="001">8198716</controlfield>
  <controlfield tag="005">20250608023144.9</controlfield>
  <controlfield tag="008">821210s1807    nyuc          000 0beng  </controlfield>
  <datafield ind1=" " ind2=" " tag="035">
    <subfield code="a">8198716</subfield>
  </datafield>
  <datafield ind1=" " ind2=" " tag="906">
    <subfield code="a">7</subfield>
    <subfield code="b">cbc</subfield>
    <subfield code="c">premunv</subfield>
    <subfield code="d">u</subfield>
    <subfield code="e">ncip</subfield>
    <subfield code="f">19</subfield>
    <subfield code="g">y-gencatlg</subfield>
  </datafield>
  <datafield ind1=" " ind2=" " tag="955">
    <subfield code="a">LCAP batch update 2025-06-02-04:00: LCAPM-644</subfield>
  </datafield>
  <datafield ind1=" " ind2=" " tag="010">
    <subfield code="a">   03027057 </subfield>
  </datafield>
  <datafield ind1=" " ind2=" " tag="035">
    <subfield code="9">(DLC)   03027057</subfield>
  </datafield>
  <datafield ind1=" " ind2=" " tag="040">
    <subfield code="a">DLC</subfield>
    <subfield code="b">eng</subfield>
    <subfield code="c">CarP</subfield>
    <subfield code="d">DLC</subfield>
  </datafield>
  <datafield ind1="0" ind2="0" tag="050">
    <subfield code="a">E312</subfield>
    <subfield code="b">.R13</subfield>
  </datafield>
  <datafield ind1=" " ind2=" " tag="051">
    <subfield code="a">E312</subfield>
    <subfield code="b">.R13</subfield>
    <subfield code="c">Copy 5. Holmes Coll. Inscriptions: Isaac Shelby; OW Holmes [?] R.C. Johnson, March 8/91.</subfield>
  </datafield>
  <datafield ind1="1" ind2=" " tag="100">
    <subfield code="a">Ramsay, David,</subfield>
    <subfield code="d">1749-1815.</subfield>
  </datafield>
  <datafield ind1="1" ind2="4" tag="245">
    <subfield code="a">The life of George Washington, commander in chief of the armies of the United States of America  throughout the war which established their independence; and first president of the United States</subfield>
    <subfield code="c">By David Ramsay M.D.,  author of the history of the American revolution.</subfield>
  </datafield>
  <datafield ind1=" " ind2=" " tag="260">
    <subfield code="a">New-York :</subfield>
    <subfield code="b">Printed by Hopkins &amp; Seymour, and sold, wholesale and retail, by Geo. F. Hopkins, no. 118, Pearl-Street :</subfield>
    <subfield code="b">Sold also by the principal booksellers in Boston, Providence, Newport, Hartford, and New-Haven ;</subfield>
    <subfield code="a">By C. and A. Conrad and Co. and Samuel F. Bradford, Philadelphia ;</subfield>
    <subfield code="a">Warner and Hanna, and Cole and I. Bonsal, Baltimore ;</subfield>
    <subfield code="a">William Pritchard, Richmond ;</subfield>
    <subfield code="a">Robert Gray, Alexandria ;</subfield>
    <subfield code="a">E. Morford and John Hoff, Charleston. Sold likewise, wholesale only, by the proprietor, E.S. Thomas, Baltimore.,</subfield>
    <subfield code="c">1807.</subfield>
  </datafield>
  <datafield ind1=" " ind2=" " tag="300">
    <subfield code="a">viii, 376 p. :</subfield>
    <subfield code="b">front. (port.) ;</subfield>
    <subfield code="c">22 cm.</subfield>
  </datafield>
  <datafield ind1=" " ind2=" " tag="336">
    <subfield code="a">text</subfield>
    <subfield code="b">txt</subfield>
    <subfield code="2">rdacontent</subfield>
  </datafield>
  <datafield ind1=" " ind2=" " tag="337">
    <subfield code="a">unmediated</subfield>
    <subfield code="b">n</subfield>
    <subfield code="2">rdamedia</subfield>
  </datafield>
  <datafield ind1=" " ind2=" " tag="338">
    <subfield code="a">volume</subfield>
    <subfield code="b">nc</subfield>
    <subfield code="2">rdacarrier</subfield>
  </datafield>
  <datafield ind1="1" ind2="0" tag="600">
    <subfield code="a">Washington, George,</subfield>
    <subfield code="d">1732-1799.</subfield>
  </datafield>
  <datafield ind1="1" ind2=" " tag="700">
    <subfield code="a">Shelby, Isaac,‏ ‎</subfield>
    <subfield code="d">1750-1826‏,</subfield>
    <subfield code="e">former owner.</subfield>
  </datafield>
  <datafield ind1="2" ind2=" " tag="710">
    <subfield code="a">Thomas Jefferson Library Collection (Library of Congress)</subfield>
    <subfield code="5">DLC</subfield>
  </datafield>
  <datafield ind1="2" ind2=" " tag="710">
    <subfield code="a">Joseph Meredith Toner Collection (Library of Congress)</subfield>
    <subfield code="5">DLC</subfield>
  </datafield>
  <datafield ind1="2" ind2=" " tag="710">
    <subfield code="a">Oliver Wendell Holmes Collection (Library of Congress)</subfield>
    <subfield code="5">DLC</subfield>
  </datafield>
  <datafield ind1="4" ind2="1" tag="856">
    <subfield code="d">rbc0001</subfield>
    <subfield code="f">2023jeff27057</subfield>
    <subfield code="u">http://hdl.loc.gov/loc.rbc/Jefferson.27057</subfield>
  </datafield>
  <datafield ind1=" " ind2=" " tag="952">
    <subfield code="a">LAC ecr 2019-04-25 update (1 card)</subfield>
  </datafield>
  <datafield ind1=" " ind2=" " tag="952">
    <subfield code="a">LAC scc 2020-03-12 no edits ( 2 card)</subfield>
  </datafield>
  <datafield ind1=" " ind2=" " tag="984">
    <subfield code="a">rsl</subfield>
    <subfield code="d">2020-03-12</subfield>
  </datafield>
  <datafield ind1=" " ind2=" " tag="984">
    <subfield code="a">rsl</subfield>
    <subfield code="d">2019-04-25</subfield>
  </datafield>
  <datafield ind1=" " ind2=" " tag="985">
    <subfield code="a">rbc/scd</subfield>
  </datafield>
  <datafield ind1=" " ind2=" " tag="985">
    <subfield code="a">rbc/jeff</subfield>
  </datafield>
  <datafield ind1=" " ind2=" " tag="985">
    <subfield code="a">rblacfederal</subfield>
    <subfield code="d">20190425</subfield>
  </datafield>
  <datafield ind1=" " ind2=" " tag="987">
    <subfield code="b">RBSCDRECON</subfield>
    <subfield code="c">20190425</subfield>
    <subfield code="d">r</subfield>
    <subfield code="f">BIB FILE MAINT.</subfield>
  </datafield>
  <datafield ind1=" " ind2=" " tag="991">
    <subfield code="b">c-GenColl</subfield>
    <subfield code="h">E312</subfield>
    <subfield code="i">.R13</subfield>
    <subfield code="t">Copy 1</subfield>
    <subfield code="w">PREM</subfield>
  </datafield>
</record>
